[Event "Kemerovo Region Cup"]
[Site "Kemerovo"]
[Date "2014.08.22"]
[Round "2"]
[White "Isupov, Vladimir"]
[Black "Cheremnova, Tamara"]
[Result "1-0"]
[WhiteElo "2382"]
[BlackElo "2239"]
[PlyCount "119"]
[EventDate "2014.08.21"]
[EventType "swiss"]
[EventRounds "7"]
[EventCountry "RUS"]
[SourceTitle "CBM 162 Extra"]
[Source "ChessBase"]
[SourceDate "2014.10.17"]
[SourceVersion "1"]
[SourceVersionDate "2014.10.17"]
[SourceQuality "1"]

1. e4 c6 2. d4 d5 3. Nc3 dxe4 4. Nxe4 Bf5 5. Ng3 Bg6 6. h4 h6 7. Nf3 Nd7 8. h5 Bh7 9. Bd3 Bxd3 10. Qxd3 e6 11. Bf4 Qa5+ 12. Bd2 Bb4 13. c3 Be7 14. c4 Qc7 15. Ne4 Ngf6 16. Nxf6+ Nxf6 17. 0-0-0 Rd8 18. Kb1 c5 19. Bc3 0-0 20. Qe2 cxd4 21. Nxd4 Rc8 22. b3 a6 23. Bb2 Rfd8 24. g4 Nh7 25. Nf3 Bf6 26. Ne5 Bg5 27. Rhf1 Rxd1+ 28. Rxd1 Rd8 29. Rxd8+ Qxd8 30. Kc2 Bf4 31. Bc3 Ng5 32. Nd3 Qc7 33. Nxf4 Qxf4 34. Be5 Qf3 35. Qxf3 Nxf3 36. Bd6 f5 37. gxf5 exf5 38. Kd3 Kf7 39. Ke3 Ng5 40. Kf4 Ne4 41. Be5 Nxf2 42. Kxf5 Nd3 43. Bc3 Nc1 44. Bd2 Ne2 45. Be1 Nd4+ 46. Ke4 Ne6 47. Kf5 Nd4+ 48. Ke4 Ne6 49. Ke5 Ke7 50. b4 Nf8 51. Bh4+ Kf7 52. Kd6 Ne6 53. Ke5 Nf8 54. Kd6 Ne6 55. Bg3 Nd4 56. Kc7 b5 57. c5 Nc2 58. a3 Nxa3 59. c6 Nc2 60. Kb7 1-0

[Event "RUS Cup final (Women)"]
[Site "Khanty-Mansiysk"]
[Date "2013.12.12"]
[Round "1.1"]
[White "Cheremnova, Tamara"]
[Black "Nechaeva, Marina"]
[Result "1-0"]
[WhiteElo "2264"]
[BlackElo "2399"]
[PlyCount "155"]
[EventDate "2013.12.12"]
[EventType "k.o."]
[EventRounds "3"]
[EventCountry "RUS"]
[SourceTitle "CBM 157 Extra"]
[Source "ChessBase"]
[SourceDate "2013.12.19"]
[SourceVersion "1"]
[SourceVersionDate "2013.12.19"]
[SourceQuality "1"]

1. d4 d5 2. c4 c6 3. Nc3 Nf6 4. Nf3 e6 5. e3 Nbd7 6. Qc2 b6 7. Bd3 Bb7 8. 0-0 Be7 9. Rd1 Qc7 10. b3 0-0 11. Bb2 h6 12. Rac1 Rac8 13. Qe2 dxc4 14. Bxc4 c5 15. e4 Qf4 16. e5 Ng4 17. h3 Bxf3 18. Qxf3 Qh2+ 19. Kf1 cxd4 20. Qxg4 dxc3 21. Bxc3 Nxe5 22. Bxe5 Qxe5 23. Rd7 Bb4 24. Rcd1 a5 25. a4 Rc5 26. g3 Qb2 27. Qd4 Qxd4 28. R1xd4 Rf5 29. Kg2 Bc5 30. Rd2 g6 31. f3 Re8 32. Rb7 Re7 33. Rxe7 Bxe7 34. g4 Rf4 35. Kf2 Kg7 36. Rd7 Bc5+ 37. Kg3 Rf6 38. Bd3 Kf8 39. Bc4 Be3 40. Bb5 h5 41. Rd3 h4+ 42. Kg2 Bc5 43. Rd8+ Kg7 44. Bc4 Rf4 45. Bd3 Kf6 46. Rd7 Ke5 47. Be4 f5 48. gxf5 gxf5 49. Bd3 Bd6 50. Bc4 Rd4 51. Kf2 Kf6 52. Ke3 e5 53. f4 Re4+ 54. Kd3 Bc5 55. fxe5+ Kxe5 56. Kd2 Kf4 57. Bd3 Bb4+ 58. Kc2 Re3 59. Rf7 Rxh3 60. Bxf5 Rc3+ 61. Kd1 Kg3 62. Be6 Re3 63. Rg7+ Kh2 64. Bc8 h3 65. Rh7 Bd6 66. Rh6 Bc5 67. Kc2 Rg3 68. Be6 Kg2 69. Kd2 h2 70. Bd5+ Kg1 71. Ke2 Be3 72. Rf6 Rg2+ 73. Bxg2 Kxg2 74. Rg6+ Kh1 75. Kxe3 b5 76. axb5 a4 77. Kf2 a3 78. Re6 1-0

[Event "Chigorin Memorial 21st"]
[Site "St Petersburg"]
[Date "2013.10.10"]
[Round "6"]
[White "Cheremnova, Tamara"]
[Black "Borisenko, Andrei"]
[Result "0-1"]
[WhiteElo "2289"]
[BlackElo "2401"]
[PlyCount "108"]
[EventDate "2013.10.05"]
[EventType "swiss"]
[EventRounds "9"]
[EventCountry "RUS"]
[SourceTitle "CBM 156 Extra"]
[Source "ChessBase"]
[SourceDate "2013.10.22"]
[SourceVersion "1"]
[SourceVersionDate "2013.10.22"]
[SourceQuality "1"]

1. d4 e6 2. c4 c5 3. d5 exd5 4. cxd5 d6 5. Nc3 g6 6. Nf3 Bg7 7. Nd2 a6 8. a4 Nd7 9. e4 Ne7 10. Nc4 Ne5 11. Nxe5 Bxe5 12. Bh6 f5 13. Qd2 fxe4 14. Nxe4 Nf5 15. Bg5 Qb6 16. Bf6 Bxf6 17. Nxf6+ Kf7 18. Ne4 Re8 19. Bd3 Qb3 20. 0-0 Qxd5 21. Rfe1 Kg7 22. Rad1 Bd7 23. Qc3+ Qd4 24. Bc2 Qxc3 25. bxc3 Bc6 26. f3 d5 27. Nxc5 Ne3 28. Rc1 b6 29. Nd3 Nxc2 30. Rxe8 Bxe8 31. Rxc2 Bxa4 32. Rb2 Bb5 33. Nf4 Bc4 34. Rxb6 a5 35. Ne6+ Kf7 36. Nc7 Ra7 37. Nb5 Bxb5 38. Rxb5 a4 39. Rb2 a3 40. Ra2 d4 41. Kf2 dxc3 42. Ke2 Rc7 43. Kd3 c2 44. Rxc2 Rxc2 45. Kxc2 Ke6 46. Kb3 Ke5 47. Kxa3 Kf4 48. Kb4 Ke3 49. Kc4 Kf2 50. Kd4 Kxg2 51. Ke5 Kxf3 52. Kf6 Kg2 53. h4 Kg3 54. Kg5 h5 0-1

[Event "Kemerovo Kuzbass-ch"]
[Site "Kemerovo"]
[Date "2012.11.24"]
[Round "1"]
[White "Romanova, Anastasia"]
[Black "Cheremnova, Tamara"]
[Result "1/2-1/2"]
[WhiteElo "1933"]
[BlackElo "2260"]
[PlyCount "89"]
[EventDate "2012.11.23"]
[EventType "swiss"]
[EventRounds "9"]
[EventCountry "RUS"]
[SourceTitle "CBM 151 Extra"]
[Source "ChessBase"]
[SourceDate "2012.12.18"]
[SourceVersion "1"]
[SourceVersionDate "2012.12.18"]
[SourceQuality "1"]

1. Nf3 d5 2. d4 c6 3. e3 e6 4. c4 f5 5. Bd3 Nf6 6. Nbd2 Bd6 7. Qc2 Ne4 8. c5 Bc7 9. b4 Nd7 10. Bb2 Qf6 11. h4 0-0 12. 0-0 Qh6 13. g3 Rf6 14. Kg2 Rg6 15. h5 Rg4 16. Ne5 Nxe5 17. dxe5 Bd7 18. Rh1 Rg5 19. Be2 Rf8 20. Nf1 g6 21. f4 Rxh5 22. Bxh5 gxh5 23. Nd2 Be8 24. Nxe4 fxe4 25. Rh3 Qg7 26. Qe2 Bg6 27. Qd2 Kf7 28. Rg1 Bf5 29. Rxh5 Bg4 30. Rh2 Bf3+ 31. Kf1 h5 32. Bc3 Ke8 33. Qb2 a6 34. a4 Bd1 35. b5 axb5 36. axb5 Kd7 37. Qa1 Qg4 38. b6 Bb8 39. Qa2 Kc8 40. Rh4 Qg7 41. Qd2 Bg4 42. Qf2 Rf5 43. Bd4 Bf3 44. Qd2 Bg4 45. Qf2 1/2-1/2

[Event "Chigorin Memorial 20th"]
[Site "St Petersburg"]
[Date "2012.11.02"]
[Round "7"]
[White "Cheremnova, Tamara"]
[Black "Zamyshlyaev, Anatoly"]
[Result "1-0"]
[WhiteElo "2235"]
[BlackElo "2080"]
[PlyCount "117"]
[EventDate "2012.10.27"]
[EventType "swiss"]
[EventRounds "9"]
[EventCountry "RUS"]
[SourceTitle "EXT 2013"]
[Source "ChessBase"]
[SourceDate "2012.11.22"]
[SourceVersion "1"]
[SourceVersionDate "2012.11.22"]
[SourceQuality "1"]

1. d4 e6 2. c4 d5 3. Nc3 c5 4. cxd5 cxd4 5. Qa4+ Bd7 6. Qxd4 exd5 7. Nf3 Nc6 8. Qd1 Be6 9. e3 Nf6 10. Be2 Bd6 11. 0-0 Rc8 12. Nb5 Bb8 13. b3 0-0 14. Bb2 Ne4 15. Rc1 Re8 16. Nbd4 Qf6 17. Nxc6 Qxb2 18. Rc2 Qf6 19. Nxb8 Rxb8 20. Qd4 Qxd4 21. Nxd4 Rbc8 22. Rfc1 Rxc2 23. Rxc2 Rc8 24. Rxc8+ Bxc8 25. Bd3 Nd6 26. Kf1 h6 27. Ke2 Kf8 28. Kd2 Ke7 29. Kc3 f6 30. Kb4 Be6 31. Kc5 Kd7 32. Bb5+ Ke7 33. Bd3 Kd7 34. Ne2 b6+ 35. Kd4 g5 36. Nc3 Kc6 37. b4 Nc8 38. Bb5+ Kd6 39. Ba6 Ne7 40. Nb5+ Kd7 41. Nxa7 Nf5+ 42. Kc3 Nd6 43. Bd3 d4+ 44. Kxd4 Bxa2 45. Nb5 Nxb5+ 46. Bxb5+ Kd6 47. Bc4 Bb1 48. e4 Bc2 49. g3 h5 50. Be2 h4 51. gxh4 gxh4 52. f4 Bb3 53. Bc4 Bd1 54. e5+ fxe5+ 55. fxe5+ Ke7 56. Ke4 Bg4 57. Kf4 Bd7 58. Kg5 h3 59. Kh4 1-0

[Event "Chigorin Memorial 20th"]
[Site "St Petersburg"]
[Date "2012.11.01"]
[Round "6"]
[White "Zvjaginsev, Vadim"]
[Black "Cheremnova, Tamara"]
[Result "1-0"]
[WhiteElo "2678"]
[BlackElo "2235"]
[PlyCount "81"]
[EventDate "2012.10.27"]
[EventType "swiss"]
[EventRounds "9"]
[EventCountry "RUS"]
[SourceTitle "EXT 2013"]
[Source "ChessBase"]
[SourceDate "2012.11.22"]
[SourceVersion "1"]
[SourceVersionDate "2012.11.22"]
[SourceQuality "1"]

1. d4 d5 2. c4 e6 3. Nf3 c6 4. Nbd2 f5 5. Ne5 Nf6 6. e3 Bd6 7. Be2 0-0 8. 0-0 Nbd7 9. f4 Ne4 10. Nxe4 fxe4 11. Bd2 Nxe5 12. dxe5 Bc7 13. Rc1 Qe7 14. Qb3 Bb6 15. cxd5 exd5 16. Bb4 Bxe3+ 17. Kh1 c5 18. Bxc5 Bxc5 19. Qxd5+ Be6 20. Qxc5 Qxc5 21. Rxc5 Rac8 22. b4 Bxa2 23. Kg1 Rxc5 24. bxc5 g6 25. g3 Rc8 26. Rc1 Kf7 27. Kf2 h5 28. Ke3 Bd5 29. Ra1 a6 30. Bf1 Ke7 31. Ra5 Rc7 32. Bg2 Ke6 33. Bxe4 Bxe4 34. Kxe4 Rd7 35. c6 bxc6 36. Rxa6 Rd2 37. Rxc6+ Kf7 38. Rc7+ Ke6 39. Rg7 Re2+ 40. Kf3 Rxh2 41. Rxg6+ 1-0

[Event "RUS-ch Higher League (Women) 65th"]
[Site "Tiumen"]
[Date "2012.06.23"]
[Round "7"]
[White "Cheremnova, Tamara"]
[Black "Sazonova, Elena"]
[Result "1-0"]
[WhiteElo "2245"]
[BlackElo "2159"]
[PlyCount "113"]
[EventDate "2012.06.16"]
[EventType "swiss"]
[EventRounds "11"]
[EventCountry "RUS"]
[SourceTitle "CBM 149 Extra"]
[Source "ChessBase"]
[SourceDate "2012.08.24"]
[SourceVersion "1"]
[SourceVersionDate "2012.08.24"]
[SourceQuality "1"]

1. d4 Nf6 2. c4 g6 3. Nc3 Bg7 4. e4 d6 5. f3 0-0 6. Nge2 Nc6 7. Be3 a6 8. Qd2 Rb8 9. Rc1 e6 10. Nd1 Bd7 11. Nf2 Ne8 12. g3 f5 13. Bg2 Nf6 14. 0-0 Qe7 15. h3 fxe4 16. fxe4 e5 17. d5 Nd8 18. c5 Bb5 19. Rc2 Nf7 20. b4 Ba4 21. Rc3 Bb5 22. Rfc1 Ne8 23. Nd3 Bd7 24. Nb2 Bf6 25. Nc4 Bg5 26. Kh2 Bxe3 27. Nxe3 Bb5 28. Qc2 Ng5 29. Ng1 Bd7 30. a3 Qg7 31. Qe2 h5 32. h4 Nf7 33. c6 Bc8 34. cxb7 Bxb7 35. Nf3 Qf6 36. Bh3 Nd8 37. Kg2 Qe7 38. Ng5 Kh8 39. Nf1 Ra8 40. Nd2 a5 41. b5 a4 42. Ndf3 Rf6 43. Qc4 Ra7 44. Rb1 Nf7 45. Ne6 Bc8 46. b6 Rb7 47. Nxc7 Bxh3+ 48. Kxh3 Qd7+ 49. Ne6 g5 50. Nfxg5 Nxg5+ 51. hxg5 Rf2 52. Qc8 Qf7 53. Nd8 Rh2+ 54. Kxh2 Qf2+ 55. Kh3 Rxb6 56. Ne6 Qf7 57. Rc7 1-0

[Event "RUS-ch Higher League (Women) 65th"]
[Site "Tiumen"]
[Date "2012.06.19"]
[Round "4"]
[White "Cheremnova, Tamara"]
[Black "Chigaeva, Anastasia"]
[Result "1-0"]
[WhiteElo "2245"]
[BlackElo "1963"]
[PlyCount "71"]
[EventDate "2012.06.16"]
[EventType "swiss"]
[EventRounds "11"]
[EventCountry "RUS"]
[SourceTitle "CBM 149 Extra"]
[Source "ChessBase"]
[SourceDate "2012.08.24"]
[SourceVersion "1"]
[SourceVersionDate "2012.08.24"]
[SourceQuality "1"]

1. d4 Nf6 2. c4 g6 3. Nc3 Bg7 4. e4 d6 5. f3 0-0 6. Nge2 Nc6 7. Be3 a6 8. Qd2 Rb8 9. Rc1 Bd7 10. Nd1 e6 11. Nf2 b5 12. c5 dxc5 13. Rxc5 Re8 14. g3 Bf8 15. Rc1 e5 16. d5 Bb4 17. Nc3 Na5 18. a3 Bf8 19. Rd1 Nb7 20. Be2 Bc5 21. 0-0 Bxe3 22. Qxe3 Qe7 23. Nd3 a5 24. b4 axb4 25. axb4 Ra8 26. Ra1 Nd6 27. Qc5 Kf8 28. Rfc1 Nc4 29. Rxa8 Rxa8 30. Qxc7 Rc8 31. Qa7 Qd6 32. Nc5 Be8 33. Nxb5 Bxb5 34. Bxc4 Bxc4 35. Rxc4 Rb8 36. Nb7 1-0

[Event "RUS-ch Higher League (Women) 65th"]
[Site "Tiumen"]
[Date "2012.06.16"]
[Round "1"]
[White "Nechaeva, Marina"]
[Black "Cheremnova, Tamara"]
[Result "1-0"]
[WhiteElo "2420"]
[BlackElo "2245"]
[PlyCount "47"]
[EventDate "2012.06.16"]
[EventType "swiss"]
[EventRounds "11"]
[EventCountry "RUS"]
[SourceTitle "CBM 149 Extra"]
[Source "ChessBase"]
[SourceDate "2012.08.24"]
[SourceVersion "1"]
[SourceVersionDate "2012.08.24"]
[SourceQuality "1"]

1. d4 d5 2. c4 e6 3. Nc3 c6 4. e3 Nf6 5. Nf3 Nbd7 6. Bd3 dxc4 7. Bxc4 b5 8. Bd3 Bb7 9. e4 b4 10. Na4 c5 11. e5 Nd5 12. 0-0 cxd4 13. Nxd4 Nxe5 14. Bb5+ Nd7 15. Re1 Rc8 16. Qh5 g6 17. Qe2 a6 18. Bc4 Qf6 19. Bxa6 Rxc1 20. Raxc1 Bxa6 21. Qxa6 Qxd4 22. Rcd1 Qf4 23. Qc8+ Ke7 24. Rxd5 1-0

[Event "RUS-chT 19th"]
[Site "Sochi"]
[Date "2012.04.15"]
[Round "7"]
[White "Cheremnova, Tamara"]
[Black "Sanzhaev, Darsen"]
[Result "0-1"]
[WhiteElo "2255"]
[BlackElo "2282"]
[PlyCount "134"]
[EventDate "2012.04.09"]
[EventType "team-swiss"]
[EventRounds "7"]
[EventCountry "RUS"]
[SourceTitle "CBM 148"]
[Source "ChessBase"]
[SourceDate "2012.05.16"]
[SourceVersion "1"]
[SourceVersionDate "2012.05.16"]
[SourceQuality "1"]
[WhiteTeam "Kemerovo"]
[BlackTeam "Samara Zhiguli"]
[WhiteTeamCountry "RUS"]
[BlackTeamCountry "RUS"]

1. d4 Nf6 2. c4 e6 3. Nf3 Bb4+ 4. Nbd2 b6 5. g3 Ba6 6. Qb3 c5 7. Bg2 Bb7 8. 0-0 Na6 9. Rd1 cxd4 10. Nxd4 Bxg2 11. Kxg2 Be7 12. e4 Qc7 13. Qf3 0-0 14. Nb5 Qe5 15. Qe2 d6 16. Rb1 Qc5 17. b3 Qc6 18. Bb2 Nc5 19. f3 a6 20. Nd4 Qb7 21. b4 Ncd7 22. a3 Rfe8 23. Kg1 Rac8 24. Rbc1 Bd8 25. b5 Nc5 26. Nf1 Nfd7 27. bxa6 Qxa6 28. Nb5 Nb7 29. Nxd6 Nxd6 30. Rxd6 Nc5 31. Rdd1 Be7 32. Ne3 Bf8 33. Rb1 Na4 34. Ba1 Bxa3 35. Kg2 Bc5 36. Ng4 Bf8 37. Rb5 Rc5 38. Rd7 Qa8 39. Bd4 Rxb5 40. cxb5 Nc5 41. Bxc5 Bxc5 42. Qd2 Qa1 43. Qg5 Qg1+ 44. Kh3 Qf1+ 45. Kh4 Qxf3 46. Kh3 Qf1+ 47. Kh4 Kf8 48. Qf4 Qxf4 49. gxf4 f6 50. Kg3 Re7 51. Rd8+ Kf7 52. Nf2 Ra7 53. Rd2 Ra3+ 54. Kg4 Rb3 55. f5 e5 56. Nd1 Bd4 57. Nf2 Rxb5 58. Nd3 Rb3 59. Kf3 Ke7 60. Ke2 Ra3 61. h4 h5 62. Rc2 Bc3 63. Rc1 Kf7 64. Rb1 Bd4 65. Rb5 Ra2+ 66. Kf3 Rh2 67. Kg3 Re2 0-1

[Event "RUS-chT 19th"]
[Site "Sochi"]
[Date "2012.04.11"]
[Round "3"]
[White "Cheremnova, Tamara"]
[Black "Voit, Daria"]
[Result "1-0"]
[WhiteElo "2255"]
[BlackElo "2308"]
[PlyCount "109"]
[EventDate "2012.04.09"]
[EventType "team-swiss"]
[EventRounds "7"]
[EventCountry "RUS"]
[SourceTitle "CBM 148"]
[Source "ChessBase"]
[SourceDate "2012.05.16"]
[SourceVersion "1"]
[SourceVersionDate "2012.05.16"]
[SourceQuality "1"]
[WhiteTeam "Kemerovo"]
[BlackTeam "Moscow Orienta"]
[WhiteTeamCountry "RUS"]
[BlackTeamCountry "RUS"]

1. d4 d5 2. c4 c6 3. Nc3 dxc4 4. e4 b5 5. a4 b4 6. Na2 Nf6 7. e5 Nd5 8. Bxc4 e6 9. Nf3 Be7 10. Bd2 a5 11. Nc1 0-0 12. Nb3 Nd7 13. Qe2 Qb6 14. Bg5 h6 15. Bxe7 Nxe7 16. 0-0 c5 17. Rfd1 cxd4 18. Rxd4 Nf5 19. Rd2 Nc5 20. Nxc5 Qxc5 21. Rad1 Bb7 22. Nd4 Ne7 23. Bb3 Ng6 24. Rc2 Qxe5 25. Qxe5 Nxe5 26. Rc7 Ba6 27. Rc5 Nd3 28. Rxa5 Nxb2 29. Rb1 Bd3 30. Rxa8 Bxb1 31. Rxf8+ Kxf8 32. a5 Be4 33. a6 Ke7 34. a7 Kd7 35. Nc2 Kc7 36. Nxb4 Kb6 37. Bc2 Ba8 38. Bh7 f6 39. Nc2 Kxa7 40. Nd4 Bd5 41. Nb5+ Kb6 42. Nd6 Bc6 43. Bg8 Kc7 44. Nf7 Be8 45. Nh8 Kd7 46. Bh7 f5 47. Bg6 Nd3 48. g3 Ne5 49. Bxe8+ Kxe8 50. f4 Nc6 51. Ng6 Kf7 52. Nh4 Nd4 53. Kf2 g5 54. Ng2 Nc2 55. h3 1-0

[Event "Kemerovo-ch op"]
[Site "Kemerovo"]
[Date "2012.03.21"]
[Round "7"]
[White "Cheremnova, Tamara"]
[Black "Starkov, S."]
[Result "1-0"]
[WhiteElo "2255"]
[BlackElo "2199"]
[PlyCount "77"]
[EventDate "2012.03.04"]
[EventType "swiss"]
[EventRounds "9"]
[EventCountry "RUS"]
[SourceTitle "EXT 2014"]
[Source "ChessBase"]
[SourceDate "2013.11.20"]
[SourceVersion "1"]
[SourceVersionDate "2013.11.20"]
[SourceQuality "1"]

1. d4 d5 2. c4 Nc6 3. Nc3 e5 4. cxd5 Nxd4 5. e3 Nf5 6. Bb5+ Bd7 7. Qb3 Nd6 8. Bxd7+ Qxd7 9. Nf3 f6 10. e4 Ne7 11. 0-0 g6 12. Be3 Bg7 13. Nd2 g5 14. Rac1 Ng6 15. Nc4 0-0 16. Nxd6 cxd6 17. Nb5 Nh4 18. f3 a6 19. Nc7 Rac8 20. Ne6 Rxc1 21. Rxc1 Rc8 22. Rxc8+ Qxc8 23. Qc3 Qd7 24. Bb6 Bf8 25. Qc4 Be7 26. Bc7 Ng6 27. Qb4 Nf4 28. Qxb7 Nxe6 29. dxe6 Qa4 30. Qb3 Qd4+ 31. Kf1 g4 32. Bb6 Qd2 33. Be3 Qa5 34. fxg4 Qc7 35. Bh6 Qc8 36. Ke2 Kh8 37. Kd3 a5 38. Qb5 Qd8 39. Qd7 1-0

[Event "Sibiria Region-ch (Women)"]
[Site "Prokopevsk"]
[Date "2012.03.19"]
[Round "8"]
[White "Rodionova, Daria"]
[Black "Cheremnova, Tamara"]
[Result "1/2-1/2"]
[WhiteElo "1987"]
[BlackElo "2260"]
[PlyCount "51"]
[EventDate "2012.03.12"]
[EventType "swiss"]
[EventRounds "9"]
[EventCountry "RUS"]
[SourceTitle "EXT 2013"]
[Source "ChessBase"]
[SourceDate "2012.11.22"]
[SourceVersion "1"]
[SourceVersionDate "2012.11.22"]
[SourceQuality "1"]

1. e4 c6 2. d4 d5 3. Nc3 dxe4 4. Nxe4 Bf5 5. Ng3 Bg6 6. h4 h6 7. Nf3 Nd7 8. h5 Bh7 9. Bd3 Bxd3 10. Qxd3 e6 11. Bd2 Ngf6 12. 0-0-0 Be7 13. Ne4 Nxe4 14. Qxe4 Nf6 15. Qd3 0-0 16. g4 Nxg4 17. Rhg1 Nxf2 18. Qe3 Nxd1 19. Qxh6 Bf6 20. Bf4 Bxd4 21. Be5 Be3+ 22. Qxe3 Nxe3 23. Rxg7+ Kh8 24. Rxf7+ Kg8 25. Rg7+ Kh8 26. Rf7+ 1/2-1/2

[Event "Sibiria Region-ch (Women)"]
[Site "Prokopevsk"]
[Date "2012.03.16"]
[Round "5"]
[White "Cheremnova, Tamara"]
[Black "Ubiennykh, Ekaterina"]
[Result "1/2-1/2"]
[WhiteElo "2260"]
[BlackElo "2307"]
[PlyCount "105"]
[EventDate "2012.03.12"]
[EventType "swiss"]
[EventRounds "9"]
[EventCountry "RUS"]
[SourceTitle "EXT 2013"]
[Source "ChessBase"]
[SourceDate "2012.11.22"]
[SourceVersion "1"]
[SourceVersionDate "2012.11.22"]
[SourceQuality "1"]

1. d4 d5 2. c4 e6 3. Nc3 c6 4. e3 Nf6 5. Nf3 Nbd7 6. Qc2 Bd6 7. Bd3 0-0 8. 0-0 dxc4 9. Bxc4 a6 10. Rd1 b5 11. Bf1 Qc7 12. e4 e5 13. h3 Re8 14. dxe5 Nxe5 15. Nd4 Bc5 16. Be3 Bb7 17. Ne6 Rxe6 18. Bxc5 Ned7 19. Be3 c5 20. f3 Ne5 21. Qf2 c4 22. Rd4 Rd8 23. Rad1 Rxd4 24. Rxd4 Re8 25. a4 Bc6 26. axb5 axb5 27. Qd2 h6 28. f4 Ng6 29. e5 Nd7 30. Nd5 Qb7 31. Nb4 Ndf8 32. Rd6 Bd7 33. Be2 Nh4 34. Qd5 Qc8 35. Bf2 Nf5 36. Rb6 Ne6 37. Bg4 Nxf4 38. Qd2 Ng6 39. Bxf5 Bxf5 40. Rxb5 Nxe5 41. Qf4 f6 42. Bd4 Bd7 43. Rc5 Qb7 44. Bxe5 Qxb4 45. Bd4 Re7 46. Rc7 Be6 47. Rxe7 Qxe7 48. Bc3 Bd5 49. Qd4 Qe6 50. Qc5 Qe4 51. Qf2 Kh7 52. Qg3 h5 53. h4 1/2-1/2

[Event "Sibiria Region-ch (Women)"]
[Site "Prokopevsk"]
[Date "2012.03.13"]
[Round "2"]
[White "Khlichkova, Tatiana"]
[Black "Cheremnova, Tamara"]
[Result "1/2-1/2"]
[WhiteElo "2104"]
[BlackElo "2260"]
[PlyCount "118"]
[EventDate "2012.03.12"]
[EventType "swiss"]
[EventRounds "9"]
[EventCountry "RUS"]
[SourceTitle "EXT 2013"]
[Source "ChessBase"]
[SourceDate "2012.11.22"]
[SourceVersion "1"]
[SourceVersionDate "2012.11.22"]
[SourceQuality "1"]

1. d4 d5 2. c4 e6 3. Nc3 c6 4. e3 Nf6 5. Nf3 Nbd7 6. Qc2 Bd6 7. g4 h6 8. Bd3 dxc4 9. Bxc4 b5 10. Be2 Bb7 11. e4 e5 12. g5 hxg5 13. Bxg5 Qc7 14. 0-0-0 0-0-0 15. d5 a6 16. dxc6 Bxc6 17. a4 bxa4 18. Bxa6+ Kb8 19. Bb5 Bxb5 20. Nxb5 Qxc2+ 21. Kxc2 Bc5 22. Nc3 Bxf2 23. Nxa4 Rc8+ 24. Nc3 Rc7 25. Rhf1 Ba7 26. Rfe1 Bc5 27. Be3 Bb4 28. Bf2 Ng4 29. Bg1 f6 30. Rd5 Rh3 31. Red1 Rxf3 32. Rb5+ Kc8 33. Rxb4 Nc5 34. Rc4 Ne6 35. Rxc7+ Nxc7 36. Rd3 Rf4 37. Rd2 Ne6 38. h3 Nh6 39. b4 Rf3 40. b5 Nf7 41. b6 Nfd8 42. Nb5 Rxh3 43. Na7+ Kb8 44. Rd7 Rg3 45. Bf2 Rg2 46. Rd2 g5 47. Kc3 g4 48. Bh4 Rxd2 49. Kxd2 Ng5 50. Bxg5 fxg5 51. Nb5 Kb7 52. Nd6+ Kxb6 53. Nc4+ Kc5 54. Nxe5 Kd4 55. Nxg4 Kxe4 56. Ke2 Ne6 57. Kf2 Nd4 58. Ne3 Nf5 59. Ng4 Kf4 1/2-1/2